Rosa Italia 2016 - Statistics

Statistiche generali
  • Questo quiz è stato fatto 246 volte
  • Il punteggio medio è 18 su 23
Statistiche sulle risposte
Ruolo Club dell'epoca Calciatore % Corretto
Portiere Juventus Gianluigi Buffon
99%
Juventus Giorgio Chiellini
98%
Juventus Leonardo Bonucci
98%
Juventus Andrea Barzagli
94%
Lazio Ciro Immobile
92%
Southampton Graziano Pellé
92%
West Ham Utd Angelo Ogbonna
90%
Napoli Lorenzo Insigne
90%
Paris Saint-Germain Salvatore Sirigu
90%
Manchester United Matteo Darmian
89%
Roma Daniele De Rossi
86%
Paris Saint-Germain Thaigo Motta
82%
Inter Éder
81%
Lazio Federico Marchetti
81%
Attaccante Juventus Simone Zaza
73%
Bologna Emanuele Giaccherini
68%
Lazio Marco Parolo
68%
Difensore Milan Mattia De Scigilio
66%
Centrocampista Lazio Antonio Candreva
52%
Roma Stephan El Shaarawy
52%
Roma Alessandro Florenzi
46%
Fiorentina Federico Bernardeschi
44%
Juventus Stefano Sturaro
44%
Nessun quiz corrispondente trovato
Distribuzione punteggi
Percentuale di utenti per punteggio
Percentile per numero di risposta
I tuoi punteggi nel tempo
Non hai fatto questo quiz